000 01300cam a2200337 a 4500
001 10100
003 BD-RjUL
005 20211208234907.0
008 140123r19721970enkab b 001 0 eng d
020 _a0192153269
020 _a019215334X (pbk.)
035 _a(BD-RjUL)10147
040 _aLC
_beng
_cLC
_dXNTU
_dBD-RjUL
041 _aeng
082 1 4 _a338.900954
_219
_bBHI 1972
100 1 _aBhagwati, Jagdish N.,
_d1934-
_910464
245 1 0 _aIndia : planning for industrialization :
_bindustrialization and trade policies since 1951 /
_cby Jagdish N. Bhagwati and Padma Desai.
260 _aLondon :
_bOxford U.P.,
_c1970 [reprinted 1972].
300 _axx, 537 p. :
_bill. ;
_c23 cm.
500 _a"Published on behalf of the Development Centre of the Organization for Economic Co-operation and Development."
504 _aIncludes index.
504 _aBibliography: p. [501]-511.
651 0 _aIndia
_xEconomic policy.
_931173
651 0 _aIndia
_xCommercial policy.
_914485
651 0 _aIndia
_xEconomic conditions
_y1947-
_931174
700 1 _aDesai, Padma.
_931175
710 2 _aOrganisation for Economic Co-operation and Development.
_bDevelopment Centre.
_913763
942 _2ddc
_cBK
999 _c10100
_d10100